Človek a spoločnosť v ére globalizácie

Globalizácia a jej dopad na človeka. Človek medzi autenticitou a spolužitím. Globalizácia - pojem, jej aspekty a dôsledky pre človeka. Multikulturalizmus. Globalizácia a demokracia, problém hegemónie v súčasnom svete. Proces formovania európskej identity.

Salvato in:
Dettagli Bibliografici
Autore principale: Briška, František
Natura: Capitolo di libro
Lingua:slovacco
Soggetti:
Tags: Aggiungi Tag
Nessun Tag, puoi essere il primo ad aggiungerne!!

MARC

LEADER 00000naa$a2200000$$$4500
001 0089224
005 20231107112317.4
041 0 |a slo 
044 |a SK 
245 1 0 |a Človek a spoločnosť v ére globalizácie  |c František Briška 
520 |a Globalizácia a jej dopad na človeka. Človek medzi autenticitou a spolužitím. Globalizácia - pojem, jej aspekty a dôsledky pre človeka. Multikulturalizmus. Globalizácia a demokracia, problém hegemónie v súčasnom svete. Proces formovania európskej identity. 
610 2 0 |a globalizácia 
610 2 0 |a pojmy 
610 2 0 |a definície 
610 2 0 |a spoločnosť 
610 2 0 |a spoločnosť globálna 
610 2 0 |a Európa 
610 2 0 |a identita 
610 2 0 |a kultúra 
610 2 0 |a civilizácia 
610 2 0 |a vzťahy medzinárodné 
100 1 |a Briška, František